000 00412nam a22001697a 4500
003 MPLRDC
005 20220104142928.0
008 210129b ||||| |||| 00| 0 eng d
082 _a855 WZL
100 _a吴战垒著
245 _a文艺欣赏漫谈
_c
250 _a一版二刷
260 _a
_b上海文艺出版社
_c1984
300 _b
650 _a散文;随笔、日记
942 _cBK
_o855 WZL
999 _c34989
_d34979